MARC

LEADER 00000nam0a2200000 4500
001 252929
005 20231101232809.0
010 |a 5343000266 
020 |a RU  |b 89-32428 
035 |a (RuTPU)RU\TPU\book\275295 
090 |a 252929 
100 |a 20140306d1989 k a0rusy5003 ca 
101 0 |a rus 
102 |a BY 
105 |a y z 001zy 
200 1 |a Научно-технический прогресс: взаимодействие факторов и тенденции развития  |f Академия наук Белорусской ССР (АН БССР), Институт философии и права ; под ред. Е. М. Бабосова, В. К. Лукашевича 
210 |a Минск  |c Наука и техника  |d 1989 
215 |a 262 с. 
606 2 |a Научно-технический прогресс  |y СССР  |y Россия  |2 stltpush  |3 (RuTPU)RU\TPU\subj\36489  |9 57849 
610 1 |a наука 
610 1 |a технический прогресс 
610 1 |a фундаментальные исследования 
610 1 |a прикладные исследования 
610 1 |a развитие 
610 1 |a социально-природные взаимоотношения 
610 1 |a социокультурные факторы 
610 1 |a преемственность 
610 1 |a искусственный интеллект 
686 |a У9(2)0-551  |2 rubbk 
702 1 |a Бабосов  |b Е. М.  |g Евгений Михайлович  |4 340 
702 1 |a Лукашевич  |b В. К.  |4 340 
712 0 2 |a Академия наук Белорусской ССР (АН БССР)  |b Институт философии и права  |2 stltpush  |3 (RuTPU)RU\TPU\col\11901 
801 0 |a RU  |b RuMRKP  |c 19960704  |g psbo 
801 1 |a RU  |b 63413507  |c 20140306 
801 2 |a RU  |b 63413507  |c 20140417  |g RCR 
942 |c BK